[Event "Budapest-chT1 Lilienthal 1213"]
[Site "Budapest"]
[Date "2012.11.25"]
[Round "4"]
[White "Gerendai, Laszlo"]
[Black "Albu, Ferenc"]
[Result "1/2-1/2"]
[WhiteElo "1953"]
[BlackElo "1794"]
[PlyCount "28"]
[EventDate "2012.09.30"]
[EventType "team-tourn"]
[EventRounds "11"]
[EventCountry "HUN"]
[SourceTitle "EXT 2019"]
[Source "ChessBase"]
[SourceDate "2018.10.10"]
[SourceVersion "1"]
[SourceVersionDate "2018.10.10"]
[SourceQuality "1"]
[WhiteTeam "Taban Spartacus II"]
[BlackTeam "Budapest REAC SISE"]
[WhiteTeamCountry "HUN"]
[BlackTeamCountry "HUN"]

1. d4 e6 2. Nf3 b6 3. g3 Bb7 4. Bg2 Nf6 5. 0-0 Be7 6. c4 0-0 7. Nc3 d5 8. cxd5 exd5 9. Qc2 Nbd7 10. Bf4 c6 11. Rad1 Re8 12. a3 Nh5 13. Bc1 Nhf6 14. Bf4 Nh5 1/2-1/2

[Event "Budapest-chT1 Lilienthal 1112"]
[Site "Budapest"]
[Date "2012.03.18"]
[Round "10"]
[White "Gerendai, Laszlo"]
[Black "Szoke, Gabor"]
[Result "0-1"]
[WhiteElo "1999"]
[BlackElo "1894"]
[PlyCount "72"]
[EventDate "2011.10.02"]
[EventType "team-tourn"]
[EventRounds "11"]
[EventCountry "HUN"]
[SourceTitle "EXT 2020"]
[Source "ChessBase"]
[SourceDate "2019.10.17"]
[SourceVersion "1"]
[SourceVersionDate "2019.10.17"]
[SourceQuality "1"]
[WhiteTeam "Taban Spartacus II"]
[BlackTeam "Budapest Ujpest KSE"]
[WhiteTeamCountry "HUN"]
[BlackTeamCountry "HUN"]

1. d4 d5 2. Nf3 Nf6 3. e3 Bg4 4. h3 Bh5 5. Bd3 e6 6. g4 Bg6 7. Ne5 Nbd7 8. Nd2 Nxe5 9. dxe5 Bxd3 10. cxd3 Nd7 11. d4 Bb4 12. a3 Bxd2+ 13. Bxd2 c5 14. Qb3 b6 15. Qd3 0-0 16. h4 f6 17. f4 c4 18. Qe2 a5 19. Qg2 fxe5 20. fxe5 b5 21. Ke2 Qe7 22. g5 b4 23. a4 Nb6 24. h5 Rac8 25. Qg4 Rf5 26. g6 h6 27. e4 dxe4 28. Qxe4 Nd5 29. Raf1 Rcf8 30. Qg4 c3 31. bxc3 bxc3 32. Bc1 Qb4 33. Rxf5 Rxf5 34. Qh4 Qxa4 35. Qd8+ Rf8 36. Qd6 Qc2+ 0-1

[Event "Budapest-chT1 Lilienthal 1112"]
[Site "Budapest"]
[Date "2011.10.16"]
[Round "2"]
[White "Mihaly, Zoltan"]
[Black "Gerendai, Laszlo"]
[Result "1/2-1/2"]
[WhiteElo "1737"]
[BlackElo "1999"]
[PlyCount "51"]
[EventDate "2011.10.02"]
[EventType "team-tourn"]
[EventRounds "11"]
[EventCountry "HUN"]
[SourceTitle "EXT 2020"]
[Source "ChessBase"]
[SourceDate "2019.10.17"]
[SourceVersion "1"]
[SourceVersionDate "2019.10.17"]
[SourceQuality "1"]
[WhiteTeam "REAC SISE"]
[BlackTeam "Taban Spartacus II"]
[WhiteTeamCountry "HUN"]
[BlackTeamCountry "HUN"]

1. c4 f5 2. d4 Nf6 3. Nf3 e6 4. g3 Bb4+ 5. Bd2 Be7 6. Nc3 b6 7. Bg2 Bb7 8. 0-0 0-0 9. Bf4 Ne4 10. Nb5 d6 11. Qb3 a6 12. Nc3 Nxc3 13. Qxc3 Be4 14. Qd2 h6 15. h4 Qe8 16. Rac1 Nd7 17. b4 a5 18. b5 Ra7 19. Qe3 Nf6 20. Qd2 Nh5 21. Be3 Nf6 22. Bf4 Nh5 23. Be3 Nf6 24. Bf4 Nh5 25. Be3 Nf6 26. Bf4 1/2-1/2